[Event "OGD Prinsenstad-toernooi - B groep"]
[Site "Delft"]
[Date "2010.04.03"]
[Round "3.2"]
[White "Van der Hoeven, Gerben"]
[Black "Hill, Nick"]
[Result "1-0"]
[WhiteElo "1712"]
[BlackElo "1828"]
[PlyCount "107"]
[EventDate "2010.04.02"]
[EventType "team"]
[EventRounds "6"]
[EventCountry "NED"]
[Source "DSC"]
[SourceDate "2010.02.04"]

1. Nf3 Nf6 2. c4 c6 3. Nc3 d5 4. d4 e6 5. Bf4 Bd6 6. Bxd6 Qxd6 7. e3 b6 8. Be2
O-O 9. O-O Bb7 10. a3 c5 11. dxc5 Qxc5 12. cxd5 Nxd5 13. Rc1 Qe7 14. Nd4 Nd7
15. Nxd5 Bxd5 16. Bf3 Bxf3 17. Qxf3 Nf6 18. Rc4 Rac8 19. Rfc1 Qd7 20. h3 Rxc4
21. Rxc4 Rc8 22. Rxc8+ Qxc8 23. Qd1 h6 24. Nb5 a6 25. Nd4 Qc4 26. b3 Qc3 27.
Ne2 Qc7 28. Qd3 Qc8 29. Kf1 Nd5 30. Qd2 Qc7 31. g3 Kh8 32. Ke1 Kg8 33. Qd3 Qc8
34. Kd2 Kh8 35. h4 Kg8 36. Nc3 Nf6 37. Qd6 Qb7 38. Qd8+ Kh7 39. Qd3+ Kg8 40.
Ke2 Kh8 41. Nb1 Nd5 42. Nd2 b5 43. b4 Qc6 44. Nb3 Nb6 45. Nc5 Nc4 46. Qd8+ Kh7
47. Nd7 g6 48. Qe7 Nd6 49. Nf8+ Kg8 50. Nd7 Qc2+ 51. Kf1 Qd3+ 52. Kg1 Qd1+ 53.
Kh2 Qd3 54. Qf8+ 1-0

[Event "OGD Prinsenstad-toernooi - B groep"]
[Site "Delft"]
[Date "2010.04.03"]
[Round "3.3"]
[White "Roeleveld, Koos"]
[Black "Vesters, Melchior"]
[Result "0-1"]
[WhiteElo "1690"]
[BlackElo "1974"]
[PlyCount "48"]
[EventDate "2010.04.02"]
[EventType "team"]
[EventRounds "6"]
[EventCountry "NED"]
[Source "DSC"]
[SourceDate "2010.02.04"]

1. g3 g6 2. Bg2 Bg7 3. c3 c5 4. d4 Qc7 5. Nf3 Nf6 6. Bf4 d6 7. O-O O-O 8. Nbd2
Nd5 9. e4 Nxf4 10. gxf4 d5 11. e5 Bg4 12. h3 Bxf3 13. Nxf3 e6 14. h4 Bh6 15.
Ng5 cxd4 16. cxd4 Nc6 17. Bh3 Bxg5 18. hxg5 Qb6 19. Kg2 Qxd4 20. Qg4 Rac8 21.
Rh1 Qe4+ 22. Kg1 Nd4 23. Bg2 Qxf4 24. Qh3 Rc1+ 0-1

[Event "OGD Prinsenstad-toernooi - B groep"]
[Site "Delft"]
[Date "2010.04.03"]
[Round "3.4"]
[White "Daamen, Roland"]
[Black "Baak, Evert"]
[Result "1/2-1/2"]
[WhiteElo "1694"]
[BlackElo "1899"]
[PlyCount "47"]
[EventDate "2010.04.02"]
[EventType "team"]
[EventRounds "6"]
[EventCountry "NED"]
[Source "DSC"]
[SourceDate "2010.02.04"]

1. e4 e6 2. d4 d5 3. Nc3 Nf6 4. e5 Nfd7 5. f4 c5 6. Nf3 Nc6 7. Be3 cxd4 8. Nxd4
Nxd4 9. Bxd4 Nb8 10. Bd3 Nc6 11. Bf2 Bd7 12. O-O Rc8 13. a3 a6 14. Kh1 h5 15.
Qe2 g6 16. Na4 Na5 17. Nb6 Rc6 18. b4 Rxb6 19. Bxb6 Qxb6 20. bxa5 Qxa5 21. Rfb1
Bc6 22. c4 h4 23. h3 Qc5 24. Qc2 1/2-1/2

[Event "OGD Prinsenstad-toernooi - B groep"]
[Site "Delft"]
[Date "2010.04.03"]
[Round "3.5"]
[White "Nicoll, Noah"]
[Black "Ducarmon, Renzo"]
[Result "0-1"]
[WhiteElo "1771"]
[BlackElo "1889"]
[PlyCount "96"]
[EventDate "2010.04.02"]
[EventType "team"]
[EventRounds "6"]
[EventCountry "NED"]
[Source "DSC"]
[SourceDate "2010.02.04"]

1. d4 Nf6 2. c4 g6 3. Nc3 Bg7 4. e4 d6 5. Nf3 O-O 6. Be2 e5 7. O-O Nc6 8. d5
Ne7 9. b4 Ne8 10. Re1 f5 11. Nd2 Rf7 12. c5 Nf6 13. cxd6 cxd6 14. Qb3 f4 15.
Ba3 g5 16. b5 g4 17. Nc4 Ne8 18. b6 a6 19. Rac1 Ng6 20. g3 h5 21. h4 Bh6 22.
Bf1 fxg3 23. fxg3 Bxc1 24. Rxc1 Rf3 25. Kg2 Qe7 26. Be2 Rf6 27. Nb1 Qf8 28. Qe3
Bd7 29. Qg5 Qf7 30. Bxd6 Rxd6 31. Nxd6 Nxd6 32. Rf1 Qg7 33. Rf6 Nxe4 34. Rxg6
Nxg5 35. Rxg7+ Kxg7 36. hxg5 Kg6 37. Nc3 Bf5 38. Kf2 Kxg5 39. Ke3 Kf6 40. Ne4+
Bxe4 41. Kxe4 Rd8 42. a4 Rc8 43. Bd3 Rc1 44. Ke3 Ra1 45. d6 Ke6 46. Be4 Re1+
47. Kd3 Rxe4 48. Kxe4 Kxd6 0-1

[Event "OGD Prinsenstad-toernooi - B groep"]
[Site "Delft"]
[Date "2010.04.03"]
[Round "3.7"]
[White "Van Dongen, Daan"]
[Black "Beerdsen, Thomas"]
[Result "0-1"]
[WhiteElo "1678"]
[BlackElo "1851"]
[PlyCount "84"]
[EventDate "2010.04.02"]
[EventType "team"]
[EventRounds "6"]
[EventCountry "NED"]
[Source "DSC"]
[SourceDate "2010.02.04"]

1. e4 c5 2. d4 cxd4 3. c3 dxc3 4. Nxc3 Nc6 5. Bc4 e6 6. Bf4 d6 7. Nb5 e5 8. Be3
Nf6 9. Qb3 Na5 10. Qa4 Bd7 11. Bd2 a6 12. Nxd6+ Bxd6 13. Qxa5 Qxa5 14. Bxa5
Nxe4 15. Nf3 Rc8 16. Bb3 Bb5 17. Rd1 Bc5 18. Rf1 Bxf1 19. Kxf1 O-O 20. Nxe5 b6
21. Be1 Nd6 22. f4 Rc7 23. Bh4 Nf5 24. Bf2 Be3 25. Ke2 Bxf4 26. Nd7 Re8+ 27.
Kf3 Be3 28. Nxb6 Bxf2 29. Kxf2 Ne3 30. Rd6 Ng4+ 31. Kg3 Nf6 32. Kf3 Ne4 33. Rd5
Nc5 34. Bd1 Rc6 35. Nc4 Rf6+ 36. Kg3 Ne4+ 37. Kh4 Rh6+ 38. Rh5 g5+ 39. Kg4 Nf6+
40. Kxg5 Rg6+ 41. Kf5 Nxh5 42. Bxh5 Rxg2 0-1

[Event "OGD Prinsenstad-toernooi - B groep"]
[Site "Delft"]
[Date "2010.04.03"]
[Round "3.14"]
[White "Nobel, Corniel"]
[Black "Gunther, Marcella"]
[Result "1-0"]
[WhiteElo "1773"]
[BlackElo "1867"]
[PlyCount "100"]
[EventDate "2010.04.02"]
[EventType "team"]
[EventRounds "6"]
[EventCountry "NED"]
[Source "DSC"]
[SourceDate "2010.02.04"]

1. e4 e5 2. f4 exf4 3. Nf3 d6 4. d4 g5 5. Bc4 Bg7 6. O-O Bg4 7. c3 Nc6 8. Qb3
Na5 9. Bxf7+ Kf8 10. Qd5 c6 11. Qxg5 Bxf3 12. Qxf4 Qf6 13. Rxf3 Qxf4 14. Rxf4
Bh6 15. Rf1 Bxc1 16. Bh5+ Nf6 17. Rxf6+ Kg7 18. Rf7+ Kh6 19. Nd2 Bxd2 20. g4
Rhf8 21. Raf1 Rxf7 22. Rxf7 Rb8 23. Rf6+ Kg7 24. Rxd6 Nc4 25. Rd7+ Kh6 26. e5
Ne3 27. h3 Nd5 28. Bf7 Nb6 29. Rc7 Bg5 30. b3 Bd8 31. e6 Bxc7 32. e7 Nd5 33.
e8=Q Rxe8 34. Bxe8 Nxc3 35. Kf2 Nxa2 36. Ke3 Kg5 37. Bf7 Nb4 38. Ke4 b5 39. Be8
a5 40. d5 cxd5+ 41. Kd4 Bb6+ 42. Kc3 Kh4 43. Bxb5 Kxh3 44. Bd7 Kg3 45. Bf5 h6
46. Bd7 Kf3 47. Bf5 Ke3 48. Bg6 d4+ 49. Kb2 d3 50. g5 hxg5 1-0

[Event "OGD Prinsenstad-toernooi - B groep"]
[Site "Delft"]
[Date "2010.04.03"]
[Round "3.16"]
[White "Engelberts, Bert"]
[Black "Bravo, Fabio"]
[Result "0-1"]
[WhiteElo "1759"]
[BlackElo "1845"]
[PlyCount "86"]
[EventDate "2010.04.02"]
[EventType "team"]
[EventRounds "6"]
[EventCountry "NED"]
[Source "DSC"]
[SourceDate "2010.02.04"]

1. Nf3 g6 2. g3 Bg7 3. Bg2 d6 4. d4 Nc6 5. O-O e5 6. d5 Nce7 7. c4 f5 8. Nc3
Nf6 9. Rb1 O-O 10. b4 h6 11. Ne1 Nh5 12. Qb3 f4 13. c5 Nf5 14. e4 Nd4 15. Qd1
f3 16. Bh1 Bh3 17. Be3 Bxf1 18. Kxf1 Qd7 19. Nxf3 Nxf3 20. Bxf3 Nf6 21. Kg2 Rf7
22. b5 b6 23. cxd6 cxd6 24. a4 Rc8 25. Na2 Rcf8 26. Nb4 Qb7 27. Nc6 Nd7 28. Bg4
Kh7 29. Qc2 Nc5 30. Rb4 Rf6 31. Bh3 h5 32. f4 Bh6 33. fxe5 Bxe3 34. exf6 Rxf6
35. Qd1 Rf2+ 36. Kh1 Qf7 37. Bg2 Nd3 38. Qxd3 Rxg2 39. Kxg2 Qf2+ 40. Kh3 g5 41.
e5+ Kh6 42. e6 Qf3 43. Qxe3 Qf1# 0-1

[Event "OGD Prinsenstad-toernooi - B groep"]
[Site "Delft"]
[Date "2010.04.03"]
[Round "4.1"]
[White "Vesters, Melchior"]
[Black "Van der Hoeven, Gerben"]
[Result "1-0"]
[WhiteElo "1974"]
[BlackElo "1712"]
[PlyCount "38"]
[EventDate "2010.04.02"]
[EventType "team"]
[EventRounds "6"]
[EventCountry "NED"]
[Source "DSC"]
[SourceDate "2010.02.04"]

1. g3 d5 2. Bg2 c5 3. c4 d4 4. b4 e5 5. bxc5 Bxc5 6. d3 Nc6 7. Nf3 Nge7 8. O-O
O-O 9. Nbd2 f5 10. Nb3 Bd6 11. e3 dxe3 12. fxe3 e4 13. dxe4 fxe4 14. Nfd4 Rxf1+
15. Qxf1 Be5 16. Bb2 Bxd4 17. exd4 Bf5 18. Qe2 Nb4 19. Bxe4 Qc7 1-0

[Event "OGD Prinsenstad-toernooi - B groep"]
[Site "Delft"]
[Date "2010.04.03"]
[Round "4.3"]
[White "Hill, Nick"]
[Black "Van Asseldonk, Paul"]
[Result "1-0"]
[WhiteElo "1828"]
[BlackElo "1975"]
[PlyCount "66"]
[EventDate "2010.04.02"]
[EventType "team"]
[EventRounds "6"]
[EventCountry "NED"]
[Source "DSC"]
[SourceDate "2010.02.04"]

1. d4 Nf6 2. Nf3 e6 3. e3 c5 4. Be2 b6 5. O-O Bb7 6. b3 Nc6 7. Bb2 d5 8. Nbd2
Rc8 9. c4 cxd4 10. Nxd4 Nxd4 11. Bxd4 Bc5 12. Bb2 O-O 13. cxd5 Nxd5 14. Ne4
Nxe3 15. Qxd8 Rfxd8 16. Nxc5 bxc5 17. fxe3 Rd2 18. Bc1 Rxe2 19. Rf2 Rxf2 20.
Kxf2 Rd8 21. Ke2 Be4 22. Ba3 c4 23. bxc4 Bd3+ 24. Kf2 Bxc4 25. Bb4 h5 26. a3
Rd5 27. Rc1 Rf5+ 28. Kg1 Bd3 29. Rd1 Be4 30. Rd2 Rb5 31. Rd4 Bd5 32. a4 Rb8 33.
a5 f5 1-0

[Event "OGD Prinsenstad-toernooi - B groep"]
[Site "Delft"]
[Date "2010.04.03"]
[Round "4.4"]
[White "Baak, Evert"]
[Black "Holwijn, Melvin"]
[Result "0-1"]
[WhiteElo "1899"]
[BlackElo "1971"]
[PlyCount "120"]
[EventDate "2010.04.02"]
[EventType "team"]
[EventRounds "6"]
[EventCountry "NED"]
[Source "DSC"]
[SourceDate "2010.02.04"]

1. Nf3 Nf6 2. c4 b6 3. g3 Bb7 4. Bg2 e6 5. Nc3 Be7 6. O-O O-O 7. Qc2 c6 8. d4
d5 9. b3 Nbd7 10. Rd1 Rc8 11. e4 dxe4 12. Nxe4 Nxe4 13. Qxe4 Nf6 14. Qc2 Qc7
15. Bf4 Bd6 16. Bxd6 Qxd6 17. c5 Qc7 18. a3 h6 19. b4 Nd5 20. Ne5 b5 21. Re1 a5
22. Qd2 axb4 23. axb4 Ra8 24. f4 Rfb8 25. Qb2 Bc8 26. Bxd5 exd5 27. Rxa8 Rxa8
28. Ra1 Qb7 29. Ra3 f6 30. Nf3 Bh3 31. Qa1 Rxa3 32. Qxa3 Qe7 33. Qd3 Qa7 34.
Qe2 Qa1+ 35. Qe1 Qb2 36. Qd2 Qb1+ 37. Kf2 Qf1+ 38. Ke3 Bg4 39. Ne1 Qh1 40. Kd3
Bf5+ 41. Kc3 Qf1 42. Nd3 Qa1+ 43. Kb3 Qa4+ 44. Kc3 Qa3+ 45. Kc2 Bxd3+ 46. Qxd3
Qxb4 47. Qg6 Qc4+ 48. Kb1 Qb3+ 49. Kc1 Qe3+ 50. Kb1 b4 51. Qf5 Qe8 52. Kb2 Qe2+
53. Kb1 Qd1+ 54. Ka2 Qa4+ 55. Kb1 Qa8 56. g4 b3 57. Qe6+ Kh8 58. Qe2 Qa4 59. f5
Kh7 60. h4 Qxd4 0-1

[Event "OGD Prinsenstad-toernooi - B groep"]
[Site "Delft"]
[Date "2010.04.03"]
[Round "4.5"]
[White "Anink, Marco"]
[Black "Van der Pluijm, Dik"]
[Result "1-0"]
[WhiteElo "1933"]
[BlackElo "1869"]
[PlyCount "70"]
[EventDate "2010.04.02"]
[EventType "team"]
[EventRounds "6"]
[EventCountry "NED"]
[Source "DSC"]
[SourceDate "2010.02.04"]

1. d4 e6 2. c4 d5 3. Nc3 f5 4. e3 c6 5. g4 fxg4 6. Qxg4 Nf6 7. Qg2 Na6 8. a3
Nc7 9. Nf3 Bd7 10. Ne5 Qe7 11. b4 O-O-O 12. Bd2 g6 13. Be2 Bg7 14. b5 Rdf8 15.
Na4 Ne4 16. Bb4 Qh4 17. Nf3 Rxf3 18. Bxf3 cxb5 19. Bxe4 bxa4 20. cxd5 exd5 21.
Bxd5 Nxd5 22. Qxd5 Bc6 23. Qe6+ Kb8 24. Rg1 Re8 25. Qd6+ Ka8 26. Qg3 Qxd4 27.
Rd1 Qe4 28. Qg5 Qe5 29. Rd8+ Rxd8 30. Qxd8+ Qb8 31. Qxb8+ Kxb8 32. Ke2 Kc7 33.
Rd1 Be5 34. f4 Bb2 35. Rd2 Bf6 1-0

[Event "OGD Prinsenstad-toernooi - B groep"]
[Site "Delft"]
[Date "2010.04.03"]
[Round "5.1"]
[White "Vereggen, Lars"]
[Black "Vesters, Melchior"]
[Result "0-1"]
[WhiteElo "1861"]
[BlackElo "1974"]
[PlyCount "54"]
[EventDate "2010.04.02"]
[EventType "team"]
[EventRounds "6"]
[EventCountry "NED"]
[Source "DSC"]
[SourceDate "2010.02.04"]

1. e4 g6 2. d4 Bg7 3. Nf3 c6 4. c4 d5 5. Nc3 dxe4 6. Nxe4 Bg4 7. Be3 Bxf3 8.
gxf3 Qa5+ 9. Bd2 Qc7 10. Bc3 Nh6 11. Qe2 O-O 12. O-O-O b5 13. Kb1 bxc4 14. Qxc4
Nd7 15. Be2 Nb6 16. Qc5 Rfd8 17. Bb5 Rac8 18. Ba6 Rb8 19. Bb5 Rbc8 20. Bc4 Nxc4
21. Qxc4 Nf5 22. Rd3 Rd5 23. Nd2 Qd7 24. Nb3 c5 25. Rc1 cxd4 26. Qa6 Rc6 27.
Qa4 Rxc3 0-1

[Event "OGD Prinsenstad-toernooi - B groep"]
[Site "Delft"]
[Date "2010.04.03"]
[Round "5.2"]
[White "Holwijn, Melvin"]
[Black "Kunnen, Ruurd"]
[Result "0-1"]
[WhiteElo "1971"]
[BlackElo "1898"]
[PlyCount "50"]
[EventDate "2010.04.02"]
[EventType "team"]
[EventRounds "6"]
[EventCountry "NED"]
[Source "DSC"]
[SourceDate "2010.02.04"]

1. d4 Nf6 2. c4 e6 3. Nf3 c5 4. Nc3 cxd4 5. Nxd4 Nc6 6. Ndb5 d6 7. Bg5 a6 8.
Bxf6 gxf6 9. Na3 b6 10. e4 Bb7 11. Nc2 Qc7 12. Qd2 h5 13. Ne3 Bh6 14. Rd1 O-O-O
15. Rc1 Kb8 16. Ncd5 exd5 17. cxd5 Qd7 18. dxc6 Bxc6 19. Bxa6 Bxe4 20. Qd4 Qa7
21. Qxe4 Qxa6 22. Qc4 Qxc4 23. Rxc4 d5 24. Rd4 Rhe8 25. O-O Rxe3 0-1

[Event "OGD Prinsenstad-toernooi - B groep"]
[Site "Delft"]
[Date "2010.04.03"]
[Round "5.3"]
[White "Van der Hoeven, Gerben"]
[Black "Anink, Marco"]
[Result "1-0"]
[WhiteElo "1712"]
[BlackElo "1933"]
[PlyCount "93"]
[EventDate "2010.04.02"]
[EventType "team"]
[EventRounds "6"]
[EventCountry "NED"]
[Source "DSC"]
[SourceDate "2010.02.04"]

1. Nf3 g6 2. e4 Bg7 3. d4 d6 4. c4 Nf6 5. Nc3 O-O 6. Be2 e5 7. dxe5 dxe5 8. O-O
Qe7 9. Qc2 c6 10. h3 h6 11. a3 Nh7 12. b4 f5 13. Be3 Nd7 14. Rad1 f4 15. Bc1 g5
16. g4 Ndf6 17. Nd2 h5 18. f3 Be6 19. c5 Rfd8 20. Nc4 Ne8 21. Na4 Nf8 22. Bb2
Bf7 23. Bc3 Bxc4 24. Bxc4+ Kh7 25. Nb2 Ne6 26. Qb3 Nd4 27. Bxd4 exd4 28. Bg8+
Kh6 29. Rd3 Be5 30. Bf7 Nf6 31. Qe6 Rd7 32. Qxe7 Rxe7 33. Bb3 Nd7 34. Rfd1 b6
35. Nc4 bxc5 36. Ba4 Rc8 37. Na5 cxb4 38. Nxc6 Re6 39. Nxa7 Nc5 40. Nxc8 Nxa4
41. axb4 Nb2 42. Rxd4 Bxd4+ 43. Rxd4 Rc6 44. Rd6+ Rxd6 45. Nxd6 Na4 46. e5 hxg4
47. e6 1-0

[Event "OGD Prinsenstad-toernooi - B groep"]
[Site "Delft"]
[Date "2010.04.03"]
[Round "5.4"]
[White "Ducarmon, Renzo"]
[Black "Hill, Nick"]
[Result "0-1"]
[WhiteElo "1889"]
[BlackElo "1828"]
[PlyCount "132"]
[EventDate "2010.04.02"]
[EventType "team"]
[EventRounds "6"]
[EventCountry "NED"]
[Source "DSC"]
[SourceDate "2010.02.04"]

1. e4 c5 2. Nc3 d6 3. f4 Nf6 4. Bc4 Nc6 5. Nf3 a6 6. a4 e6 7. d3 Bd7 8. O-O Na5
9. b3 Nxc4 10. bxc4 Bc6 11. Qe1 g6 12. Bb2 Bg7 13. Nd1 O-O 14. Ne3 b5 15. axb5
axb5 16. Rxa8 Qxa8 17. cxb5 Bxb5 18. Kh1 Qa2 19. Ba1 Ra8 20. c4 Bc6 21. Qh4 Ne8
22. Bxg7 Kxg7 23. Qe1 Qb2 24. Kg1 Ra3 25. Rf2 Qa1 26. Qxa1+ Rxa1+ 27. Rf1 Ra3
28. Rd1 Bxe4 29. dxe4 Rxe3 30. Nd2 Rd3 31. Kf2 Nf6 32. e5 Ng4+ 33. Kg1 dxe5 34.
fxe5 Nxe5 35. Re1 Nd7 36. Nb1 Nb6 37. Rc1 e5 38. Kf2 e4 39. Rc3 e3+ 40. Ke2
Rxc3 41. Nxc3 Nxc4 42. Ne4 f5 43. Nxc5 Kf6 44. Kd3 Ne5+ 45. Kxe3 Ng4+ 46. Kf4
Nxh2 47. Nd7+ Ke7 48. Ne5 Ke6 49. Nc6 Ng4 50. Nd8+ Kf6 51. Nc6 g5+ 52. Kg3 h5
53. Nd4 Ke5 54. Nf3+ Kf6 55. Nd4 f4+ 56. Kf3 Ne3 57. g3 Nf5 58. Ne2 Nxg3 59.
Nxf4 gxf4 60. Kxf4 h4 61. Kg4 Nf5 62. Kh3 Kg5 63. Kg2 Kg4 64. Kh2 Ne3 65. Kg1
h3 66. Kh1 Nf5 0-1

[Event "OGD Prinsenstad-toernooi - B groep"]
[Site "Delft"]
[Date "2010.04.03"]
[Round "5.5"]
[White "Haver, Bas"]
[Black "Daamen, Roland"]
[Result "1/2-1/2"]
[WhiteElo "1776"]
[BlackElo "1694"]
[PlyCount "74"]
[EventDate "2010.04.02"]
[EventType "team"]
[EventRounds "6"]
[EventCountry "NED"]
[Source "DSC"]
[SourceDate "2010.02.04"]

1. e4 c5 2. Nc3 d6 3. g3 g6 4. Bg2 Bg7 5. f4 e6 6. Nf3 Ne7 7. O-O O-O 8. d3
Nbc6 9. h3 Rb8 10. g4 f5 11. Qe1 b5 12. Ne2 Qc7 13. Qh4 Nb4 14. Ne1 a5 15. c3
Nbc6 16. Nf3 b4 17. Bd2 Qd7 18. Rab1 Ba6 19. c4 Bb7 20. b3 a4 21. Bc1 a3 22.
Be3 h6 23. exf5 exf5 24. g5 h5 25. Qf2 Rfe8 26. d4 cxd4 27. Nexd4 Nxd4 28. Bxd4
Nc6 29. Rbd1 Re6 30. Rd2 Qe7 31. Rfd1 Re8 32. Bxg7 Kxg7 33. Nd4 Nxd4 34. Qxd4+
Kh7 35. Qf2 Bxg2 36. Kxg2 Qb7+ 37. Kg3 Qc6 1/2-1/2

[Event "OGD Prinsenstad-toernooi - B groep"]
[Site "Delft"]
[Date "2010.04.03"]
[Round "5.14"]
[White "Sanders, Catheleijne"]
[Black "Gunther, Marcella"]
[Result "1-0"]
[WhiteElo "1685"]
[BlackElo "1867"]
[PlyCount "69"]
[EventDate "2010.04.02"]
[EventType "team"]
[EventRounds "6"]
[EventCountry "NED"]
[Source "DSC"]
[SourceDate "2010.02.04"]

1. e4 e5 2. Nf3 Nc6 3. d4 exd4 4. Bc4 Nf6 5. e5 d5 6. Bb5 Ne4 7. Nxd4 Bd7 8.
Nxc6 bxc6 9. Bd3 Nc5 10. O-O Be7 11. Be3 O-O 12. Nc3 Qc8 13. Qd2 Bf5 14. Bxf5
Qxf5 15. f4 Rfd8 16. Qf2 Ne6 17. Ne2 Qxc2 18. f5 Ng5 19. f6 Ne4 20. Qf3 Bc5 21.
Bxc5 Qxc5+ 22. Kh1 g6 23. Rac1 Qf8 24. Qf4 c5 25. Rf3 Rab8 26. Rc2 Rb4 27. Qc1
d4 28. Nf4 c4 29. e6 Nxf6 30. Rxc4 Rb6 31. exf7+ Qxf7 32. Rxc7 Qxa2 33. Nd3 a5
34. Qh6 Qe6 35. Qg7# 1-0

[Event "OGD Prinsenstad-toernooi - B groep"]
[Site "Delft"]
[Date "2010.04.03"]
[Round "5.16"]
[White "De Freytas, Paul"]
[Black "Nobel, Corniel"]
[Result "0-1"]
[WhiteElo "1789"]
[BlackElo "1773"]
[PlyCount "146"]
[EventDate "2010.04.02"]
[EventType "team"]
[EventRounds "6"]
[EventCountry "NED"]
[Source "DSC"]
[SourceDate "2010.02.04"]

1. g3 d5 2. Nf3 g6 3. c4 Nf6 4. d4 Bg7 5. Bg2 O-O 6. O-O Nc6 7. Nc3 e6 8. Ne5
Nxe5 9. dxe5 Ne4 10. Nxe4 dxe4 11. Bxe4 Bxe5 12. Bh6 Bg7 13. Bxg7 Kxg7 14. Qxd8
Rxd8 15. Rfd1 Re8 16. Rd2 f5 17. Bg2 e5 18. Rad1 c6 19. b4 Rb8 20. a3 Be6 21.
c5 Kf7 22. Rd6 Ke7 23. f4 e4 24. Kf2 h6 25. g4 Rbd8 26. gxf5 gxf5 27. Rxd8 Rxd8
28. Rxd8 Kxd8 29. Ke3 Ke7 30. Kd4 Kf6 31. e3 b5 32. Bf1 Bb3 33. Be2 Bf7 34. Bd1
Be8 35. Bb3 Bh5 36. a4 a6 37. Bc2 Be2 38. axb5 axb5 39. Bb3 Bf3 40. Bd5 cxd5
41. Kxd5 Ke7 42. Kc6 Be2 43. Kb7 Bc4 44. c6 Bd5 45. Kb6 Kd8 46. Kb7 Ke7 47. Kb6
Kd8 48. Kb7 h5 49. h4 Ke8 50. Kb6 Ke7 51. Kxb5 Kd6 52. c7 Kxc7 53. Kc5 Be6 54.
b5 Kb7 55. Kd6 Bc8 56. Ke5 Kb6 57. Kf6 Bd7 58. Kg5 Kxb5 59. Kxh5 Kc4 60. Kg6
Kd3 61. Kf7 Kxe3 62. h5 Kxf4 63. h6 e3 64. h7 e2 65. h8=Q e1=Q 66. Qd4+ Kg3 67.
Qxd7 f4 68. Qd6 Qe3 69. Kg6 Kg2 70. Qd5+ f3 71. Kh5 Kg1 72. Kg4 f2 73. Qd1+
f1=Q 0-1

[Event "OGD Prinsenstad-toernooi - C groep"]
[Site "Delft"]
[Date "2010.04.02"]
[Round "1.1"]
[White "Lont, Jolle"]
[Black "De Ruiter, Thom"]
[Result "1/2-1/2"]
[WhiteElo "1692"]
[BlackElo "1528"]
[PlyCount "75"]
[EventDate "2010.04.02"]
[EventType "swiss"]
[EventRounds "6"]
[EventCountry "NED"]
[Source "DSC"]
[SourceDate "2010.02.04"]

1. d4 f5 2. g3 Nf6 3. Bg2 g6 4. Nf3 Bg7 5. O-O O-O 6. c3 d6 7. Nbd2 Nbd7 8. Re1
c5 9. e4 fxe4 10. Ng5 Qb6 11. Ne6 Rf7 12. Nxg7 Kxg7 13. Nxe4 Nxe4 14. Bxe4 Nf6
15. Bg2 Bd7 16. Be3 Bc6 17. dxc5 dxc5 18. Qb3 Bxg2 19. Qxb6 axb6 20. Kxg2 Ng4
21. h3 Nxe3+ 22. Rxe3 Raf8 23. Re2 h5 24. Rae1 Kh6 25. Rd2 b5 26. Re5 b6 27.
Rde2 Ra8 28. a3 Ra7 29. Re6 Rb7 30. Kf1 Kg7 31. Rc6 Rf6 32. Ree6 g5 33. Ke2 Kg6
34. Ke3 Kf5 35. Rxf6+ exf6 36. Kf3 g4+ 37. hxg4+ hxg4+ 38. Ke3 1/2-1/2

[Event "OGD Prinsenstad-toernooi - C groep"]
[Site "Delft"]
[Date "2010.04.02"]
[Round "1.2"]
[White "Poots, René"]
[Black "Vissers, Yorrick"]
[Result "0-1"]
[WhiteElo "1500"]
[BlackElo "1681"]
[PlyCount "50"]
[EventDate "2010.04.02"]
[EventType "swiss"]
[EventRounds "6"]
[EventCountry "NED"]
[Source "DSC"]
[SourceDate "2010.02.04"]

1. d4 Nf6 2. c4 e6 3. Nc3 Bb4 4. Bg5 c5 5. Bxf6 Qxf6 6. e3 Nc6 7. Nf3 b6 8. Rc1
Bb7 9. a3 cxd4 10. exd4 Bd6 11. Ne4 Qe7 12. Nxd6+ Qxd6 13. Be2 O-O 14. O-O Qe7
15. Ne5 Rfd8 16. Bf3 Rac8 17. Re1 Qf6 18. b4 Ba8 19. Nxc6 dxc6 20. Re5 Qg6 21.
Re4 Qf6 22. Re5 Rc7 23. Rc2 Rcd7 24. Rd2 c5 25. Bxa8 Qxe5 0-1

[Event "OGD Prinsenstad-toernooi - C groep"]
[Site "Delft"]
[Date "2010.04.02"]
[Round "1.5"]
[White "Neuteboom, Martin"]
[Black "Sutrisno, Agus"]
[Result "1-0"]
[WhiteElo "1668"]
[BlackElo "1479"]
[PlyCount "37"]
[EventDate "2010.04.02"]
[EventType "swiss"]
[EventRounds "6"]
[EventCountry "NED"]
[Source "DSC"]
[SourceDate "2010.02.04"]

1. e4 d6 2. d4 g6 3. Bc4 Bg7 4. Nf3 Bg4 5. Bxf7+ Kf8 6. h3 Bxf3 7. Qxf3 Nf6 8.
Be6 Ke8 9. e5 dxe5 10. dxe5 c6 11. exf6 Qa5+ 12. Qc3 Qxc3+ 13. Nxc3 Bxf6 14.
Bd2 Na6 15. O-O-O Kf8 16. Bh6+ Ke8 17. Ne4 Be5 18. f4 Bc7 19. Bg7 1-0

[Event "OGD Prinsenstad-toernooi - C groep"]
[Site "Delft"]
[Date "2010.04.02"]
[Round "1.15"]
[White "Damen, Jip"]
[Black "Van der Meiden, Pim"]
[Result "1-0"]
[WhiteElo "1555"]
[BlackElo "1416"]
[PlyCount "65"]
[EventDate "2010.04.02"]
[EventType "swiss"]
[EventRounds "6"]
[EventCountry "NED"]
[Source "DSC"]
[SourceDate "2010.02.04"]

1. e4 Nf6 2. e5 Nd5 3. c4 Nb6 4. d4 d6 5. Nf3 Bg4 6. exd6 exd6 7. Nc3 Qe7+ 8.
Be3 N8d7 9. Be2 Bxf3 10. Bxf3 Nxc4 11. Nd5 Nxe3 12. fxe3 Qd8 13. Qb3 c6 14. O-O
cxd5 15. Bxd5 Nf6 16. Bxf7+ Kd7 17. Qxb7+ Qc7 18. Qxa8 Ke7 19. Rac1 Qd7 20. Bd5
g6 21. Rxf6 Kxf6 22. Rf1+ Kg5 23. Rxf8 Qg4 24. Bf3 Qe6 25. Rxh8 Qxe3+ 26. Kf1
Qc1+ 27. Kf2 Qd2+ 28. Be2 Qxd4+ 29. Kf1 Qf4+ 30. Qf3 Qc1+ 31. Kf2 Qxb2 32. h4+
Kh6 33. Qf4+ 1-0

[Event "OGD Prinsenstad-toernooi - C groep"]
[Site "Delft"]
[Date "2010.04.02"]
[Round "2.1"]
[White "Vissers, Yorrick"]
[Black "Vriens, Huib"]
[Result "1-0"]
[WhiteElo "1681"]
[BlackElo "1591"]
[PlyCount "84"]
[EventDate "2010.04.02"]
[EventType "swiss"]
[EventRounds "6"]
[EventCountry "NED"]
[Source "DSC"]
[SourceDate "2010.02.04"]

1. e4 c5 2. Nc3 e6 3. f4 Ne7 4. Nf3 d6 5. Bb5+ Nbc6 6. O-O a6 7. Bxc6+ Nxc6 8.
Qe1 Be7 9. d3 O-O 10. Qg3 Re8 11. e5 b5 12. Bd2 Ra7 13. exd6 Bxd6 14. Ne4 Bf8
15. Be3 Nd4 16. Qf2 Rd7 17. Ne5 Rc7 18. Rac1 Qd5 19. c4 bxc4 20. Rxc4 f6 21.
Bxd4 fxe5 22. Bxe5 Qxd3 23. Rfc1 Rd7 24. h3 Bb7 25. Nxc5 Bxc5 26. Rxc5 Ree7 27.
Kh2 h6 28. R1c3 Qb1 29. Rc1 Qd3 30. R5c3 Qd5 31. Qg3 Rf7 32. Qg6 Qd2 33. a3 Qd5
34. R3c2 Qb5 35. Qxe6 Kh7 36. Qg4 Qd5 37. h4 Rfe7 38. h5 Qe4 39. Re2 Qd5 40.
Rce1 Qd3 41. Re3 Qd5 42. Bxg7 Rxe3 1-0

[Event "OGD Prinsenstad-toernooi - C groep"]
[Site "Delft"]
[Date "2010.04.02"]
[Round "2.2"]
[White "Den Otter, Kees"]
[Black "Von Meijenfeldt, Chiel"]
[Result "0-1"]
[WhiteElo "1556"]
[BlackElo "1675"]
[PlyCount "88"]
[EventDate "2010.04.02"]
[EventType "swiss"]
[EventRounds "6"]
[EventCountry "NED"]
[Source "DSC"]
[SourceDate "2010.02.04"]

1. e4 c5 2. Nf3 d6 3. d4 cxd4 4. Nxd4 Nf6 5. Nc3 a6 6. Be3 e5 7. Nb3 Be7 8. Bd3
O-O 9. O-O b5 10. a3 Bb7 11. Nd5 Nxd5 12. exd5 f5 13. f3 Nd7 14. Kh1 Kh8 15.
Rc1 Nb6 16. Bxb6 Qxb6 17. Be2 Bg5 18. Rb1 Rac8 19. c3 Rf6 20. Qd3 Rcf8 21. Rbd1
Rh6 22. h3 Bf4 23. c4 bxc4 24. Qxc4 Qd8 25. Nc1 Qg5 26. Nd3 Be3 27. Nf2 Rg6 28.
g4 h5 29. Kg2 Qh4 30. Qd3 Bf4 31. Nh1 Bc8 32. b4 Rh6 33. Qc3 hxg4 34. fxg4 fxg4
35. Nf2 gxh3+ 36. Kh1 Qe7 37. Bg4 Bxg4 38. Nxg4 Rh4 39. Nh2 Bxh2 40. Kxh2 Rhf4
41. Rxf4 Rxf4 42. Qg3 Qf6 43. Rd2 Rf3 44. Qg1 Qf4+ 0-1